Sufism: (Record no. 20725)
[ view plain ]
| 000 -LEADER | |
|---|---|
| fixed length control field | 00842cam a22002771 4500 |
| 001 - CONTROL NUMBER | |
| control field | 8369433 |
| 003 - CONTROL NUMBER IDENTIFIER | |
| control field | BDDh-ASL |
| 005 - DATE AND TIME OF LATEST TRANSACTION | |
| control field | 20231015025928.0 |
| 008 - FIXED-LENGTH DATA ELEMENTS--GENERAL INFORMATION | |
| fixed length control field | 740711s1950 enk b 001 0 eng |
| 010 ## - LIBRARY OF CONGRESS CONTROL NUMBER | |
| LC control number | 51011267 |
| 015 ## - NATIONAL BIBLIOGRAPHY NUMBER | |
| National bibliography number | GB51-2836 |
| 035 ## - SYSTEM CONTROL NUMBER | |
| System control number | (OCoLC)943742 |
| 040 ## - CATALOGING SOURCE | |
| Original cataloging agency | DLC |
| Transcribing agency | TxShA |
| Modifying agency | OCoLC |
| -- | Uk |
| -- | DLC |
| -- | BDDh-ASL |
| 042 ## - AUTHENTICATION CODE | |
| Authentication code | premarc |
| 050 00 - LIBRARY OF CONGRESS CALL NUMBER | |
| Classification number | BP189 |
| Item number | .A7 |
| 082 ## - DEWEY DECIMAL CLASSIFICATION NUMBER | |
| Classification number | 297 |
| Item number | ARS |
| 100 1# - MAIN ENTRY--PERSONAL NAME | |
| Personal name | Arberry, A. J. |
| Fuller form of name | (Arthur John), |
| Dates associated with a name | 1905-1969. |
| 245 10 - TITLE STATEMENT | |
| Title | Sufism: |
| Remainder of title | an account of the mystics of Islam / |
| 260 ## - PUBLICATION, DISTRIBUTION, ETC. | |
| Place of publication, distribution, etc. | London : |
| Name of publisher, distributor, etc. | Allen & Unwin, |
| Date of publication, distribution, etc. | [1950] |
| -- | 1979. |
| 300 ## - PHYSICAL DESCRIPTION | |
| Extent | 141 p. : |
| Dimensions | 19 cm. |
| 490 0# - SERIES STATEMENT | |
| Series statement | Ethical and religious classics of East and West, |
| Volume/sequential designation | no. 2 |
| 504 ## - BIBLIOGRAPHY, ETC. NOTE | |
| Bibliography, etc. note | Bibliography included in "Notes" (p. 136-138) |
| 650 #0 - SUBJECT ADDED ENTRY--TOPICAL TERM | |
| Topical term or geographic name entry element | Sufism. |
| 906 ## - LOCAL DATA ELEMENT F, LDF (RLIN) | |
| a | 7 |
| b | cbc |
| c | oclcrpl |
| d | u |
| e | ncip |
| f | 19 |
| g | y-gencatlg |
| 942 ## - ADDED ENTRY ELEMENTS (KOHA) | |
| Source of classification or shelving scheme | Dewey Decimal Classification |
| Koha item type | Books |
| Withdrawn status | Lost status | Source of classification or shelving scheme | Damaged status | Not for loan | Collection code | Home library | Current library | Shelving location | Date acquired | Source of acquisition | Total Checkouts | Full call number | Barcode | Date last seen | Copy number | Price effective from | Koha item type | Public note |
|---|---|---|---|---|---|---|---|---|---|---|---|---|---|---|---|---|---|---|
| Dewey Decimal Classification | Not For Loan | Non-fiction | Asiatic Society Library | Asiatic Society Library | Ludden Collection | 01/13/2021 | Donated by Prof. David Ludden | 297 ARS | 104202 | 01/13/2021 | C-1 | 01/13/2021 | Books | RARE |